Advocacy (Record no. 103274)
[ view plain ]
| 000 -LEADER | |
|---|---|
| fixed length control field | 01332cam a2200253 4500 |
| 008 - FIXED-LENGTH DATA ELEMENTS--GENERAL INFORMATION | |
| fixed length control field | 040108n1999 000 0 eng u |
| 020 ## - INTERNATIONAL STANDARD BOOK NUMBER | |
| International Standard Book Number | 1859414850 |
| 035 ## - SYSTEM CONTROL NUMBER | |
| System control number | (Sirsi) u124768 |
| 041 ## - LANGUAGE CODE | |
| Language code of text/sound track or separate title | eng |
| 050 ## - LIBRARY OF CONGRESS CALL NUMBER | |
| Classification number | 347.42052 |
| 100 ## - MAIN ENTRY--PERSONAL NAME | |
| Personal name | Boon, Andy |
| 245 ## - TITLE STATEMENT | |
| Title | Advocacy |
| 250 ## - EDITION STATEMENT | |
| Edition statement | 2nd ed. |
| 260 ## - PUBLICATION, DISTRIBUTION, ETC. | |
| Place of publication, distribution, etc. | London |
| Name of publisher, distributor, etc. | Cavendish |
| Date of publication, distribution, etc. | 1999 |
| 300 ## - PHYSICAL DESCRIPTION | |
| Extent | xx, 228p. |
| Dimensions | 22cm |
| 490 ## - SERIES STATEMENT | |
| Series statement | Cavendish Legal Skills Series |
| 520 ## - SUMMARY, ETC. | |
| Summary, etc. | Aimed at students, this is an introduction to practice of advocacy using a practical skills based approach and drawing on a wide range of material from the UK and other commonlaw jurisdictions. Uses practical exercises to develop the skills required for effective advocacy from the planning stage to the execution. Includes chapters on analysis, opening, examination, cross-examination and closing. This edition has been updated to incorporate the new Civil Procedure Rules and includes a new chapter on changes in the courses training new barristers and solicitor advocates. Also examines in detail the technique of advocate Sir Norman Birkett QC. |
| 650 ## - SUBJECT ADDED ENTRY--TOPICAL TERM | |
| Topical term or geographic name entry element | MANAGEMENT-DISPUTE AVOIDANCE, MANAGEMENT AND RESOLUTION-DISPUTE MANAGEMENT AND RESOLUTION-ADVOCACY |
| 650 ## - SUBJECT ADDED ENTRY--TOPICAL TERM | |
| Topical term or geographic name entry element | COURT PROCEDURES |
| 650 ## - SUBJECT ADDED ENTRY--TOPICAL TERM | |
| Topical term or geographic name entry element | CIVIL PROCEDURE RULES |
| 650 ## - SUBJECT ADDED ENTRY--TOPICAL TERM | |
| Topical term or geographic name entry element | LEGAL PROFESSION |
| 690 ## - LOCAL SUBJECT ADDED ENTRY--TOPICAL TERM (OCLC, RLIN) | |
| Topical term or geographic name as entry element | LAW |
| 942 ## - ADDED ENTRY ELEMENTS (KOHA) | |
| Suppress in OPAC | 0 |
| Withdrawn status | Lost status | Source of classification or shelving scheme | Damaged status | Not for loan | Home library | Current library | Shelving location | Date acquired | Total Checkouts | Full call number | Barcode | Date last seen | Date last checked out | Copy number | Price effective from | Koha item type |
|---|---|---|---|---|---|---|---|---|---|---|---|---|---|---|---|---|
| Dewey Decimal Classification | London | London | Books | 19/01/2004 | 10 | 347.42052 BOO | 30068859 | 06/08/2019 | 15/10/2009 | 1 | 06/08/2019 | Book |